| 000 | 00605nam a2200241Ia 4500 | ||
|---|---|---|---|
| 003 | OSt | ||
| 005 | 20220928140959.0 | ||
| 006 | a|||||r|||| 00| 0 | ||
| 007 | ta | ||
| 008 | 220927b |||||||| |||| 00| 0 eng d | ||
| 024 | _a12660 | ||
| 037 | _cTextual | ||
| 040 |
_aSDCL _cSDCL _beng |
||
| 041 |
_2eng _aeng |
||
| 082 | _aX:8:f, N5 | ||
| 100 |
_aCooper Donald R _9460955 |
||
| 245 | 0 | _aBusiness research methods | |
| 250 | _a5 | ||
| 260 | _c1995 | ||
| 700 |
_a Emory C William _9498332 |
||
| 942 |
_hX:8:f, N5 _cTEXL _2CC |
||
| 999 |
_c815069 _d815069 |
||